000 00306nam a22001337a 4500
008 171012b xxu||||| |||| 00| 0 eng d
020 _a9780205410606
041 _aeng
080 _a316
100 _a50
101 _aSOC
245 _aMASTERING ESL AND BILINGUAL METHODS
_cHERRERA,S.G
942 _2udc
_cBK
999 _c33347
_d33347